000 01280cam a22003737a 4500
003 CHAP
005 20220329140759.0
008 971013s1969 r 00010 d
010 _a57493
011 _a58465
035 _a62620
040 _cCHAP
082 _a631.4
_bS6
100 0 0 _aSoto Mora, Consuelo.
_9108893
245 1 3 _aEl uso del suelo en la región Huejotzingo, San Martín Texmelucan, Puebla
260 _aMéxico, D.F. :
_bUNAM. Instituto de Geografía,
_c1969
300 _a79 p.
_b: ilus. ; mapas
590 _aBATCH-UPD
_b10
_c20130110
_lUCH01
_h0015
590 _aBATCH-UPD
_b10
_c20130110
_lUCH01
_h1139
590 _aBATCH-UPD
_b10
_c20130410
_lUCH01
_h0726
590 _aBATCH-UPD
_b10
_c20130913
_lUCH01
_h2134
590 _aCONVERSION
_b10
_c20130109
_lUCH01
_h1331
650 1 4 _aAgricultura
_xPuebla.
_91775
650 1 4 _aClima
_xPuebla.
_923840
650 1 4 _aGanadería
_xPuebla.
_944838
650 1 4 _aSuelos y cultivos.
_9110571
650 1 4 _aSuelos
_xPuebla.
_9110466
650 1 4 _aTierras
_xTenencia
_xPuebla.
_9113193
700 0 _aFuentes Aguilar, Luis.
_943824
901 _aBK
942 _cLIBRO
949 _a631.4 S6
_bBC
_cLIBRO
_d33724000064390
_eLIBRO
_fc.2
_h17420
_i62620
_si
949 _a631.4 S6
_bBC
_cLIBRO
_d33724000064408
_eLIBRO
_h14977
_i62620
_si
999 _c57493
_d57493